[Event "HUN-chT2 Asztalos 1819"]
[Site "Hungary"]
[Date "2019.02.10"]
[Round "5.5"]
[White "Katona, Peter"]
[Black "Garai, Tamas"]
[Result "0-1"]
[WhiteElo "1850"]
[BlackElo "1904"]
[PlyCount "44"]
[EventDate "2018.10.28"]
[EventType "team-tourn"]
[EventRounds "9"]
[EventCountry "HUN"]
[SourceTitle "CBM 189 Extra"]
[Source "ChessBase"]
[SourceDate "2019.06.03"]
[SourceVersion "1"]
[SourceVersionDate "2019.06.03"]
[SourceQuality "1"]
[WhiteTeam "Karmin"]
[BlackTeam "Marcali"]
[WhiteTeamCountry "HUN"]
[BlackTeamCountry "HUN"]

1. e4 c5 2. Nf3 d6 3. d4 cxd4 4. Nxd4 Nf6 5. Nc3 a6 6. Be2 Nc6 7. Be3 h6 8. Qd2 Qc7 9. f4 e5 10. Nb3 Be7 11. f5 Na5 12. Nxa5 Qxa5 13. 0-0 Bd7 14. Bc4 Bc6 15. Nd5 Qxd2 16. Bxd2 Nxe4 17. Nc7+ Kf8 18. Nxa8 Nxd2 19. Rfd1 Nxc4 20. Nc7 Ne3 21. Rd2 Bd8 22. Kf2 Nc4 0-1

[Event "HUN-chT2 Asztalos 1819"]
[Site "Hungary"]
[Date "2018.10.28"]
[Round "1.7"]
[White "Majnay, Peter"]
[Black "Garai, Tamas"]
[Result "1/2-1/2"]
[WhiteElo "1839"]
[BlackElo "1904"]
[PlyCount "97"]
[EventDate "2018.10.28"]
[EventType "team-tourn"]
[EventRounds "9"]
[EventCountry "HUN"]
[SourceTitle "CBM 189 Extra"]
[Source "ChessBase"]
[SourceDate "2019.06.03"]
[SourceVersion "1"]
[SourceVersionDate "2019.06.03"]
[SourceQuality "1"]
[WhiteTeam "Komlo"]
[BlackTeam "Marcali"]
[WhiteTeamCountry "HUN"]
[BlackTeamCountry "HUN"]

1. e4 c5 2. Nf3 d6 3. d4 cxd4 4. Nxd4 Nf6 5. Nc3 a6 6. Be2 g6 7. 0-0 Bg7 8. Be3 Nc6 9. f4 0-0 10. Nb3 Qc7 11. Nd5 Nxd5 12. exd5 Na5 13. Nxa5 Qxa5 14. c3 Bf5 15. Bf3 h5 16. Bd4 Bh6 17. g3 Qb5 18. b3 Qd7 19. Re1 Rfe8 20. Rf1 Rab8 21. Ba7 Rbc8 22. Bd4 b6 23. Rc1 Rb8 24. Qe2 b5 25. Rcd1 Rb7 26. Kh1 Rc8 27. Rc1 Rcb8 28. Rcd1 Rc7 29. Rc1 Kf8 30. Rcd1 Rbc8 31. Rc1 Re8 32. Rfd1 Qc8 33. Rf1 Kg8 34. Rfe1 Kf8 35. Rf1 Bh3 36. Rfe1 Bf5 37. Rf1 Kg8 38. Rfe1 Kf8 39. Rf1 e5 40. dxe6 Bxe6 41. Qd2 d5 42. Rfe1 Qd7 43. Qe2 Bg7 44. Bxg7+ Kxg7 45. Qe5+ Kg8 46. Rcd1 Rd8 47. Qd4 Qc8 48. Re3 Rd6 49. Rc1 1/2-1/2

[Event "HUN-chT2 Asztalos 1516"]
[Site "Hungary"]
[Date "2015.11.08"]
[Round "4.4"]
[White "Garai, Tamas"]
[Black "Heinrich, Ferenc"]
[Result "1/2-1/2"]
[WhiteElo "1898"]
[BlackElo "1976"]
[PlyCount "21"]
[EventDate "2015.09.13"]
[EventType "team-tourn"]
[EventRounds "11"]
[EventCountry "HUN"]
[SourceTitle "CBM 170 Extra"]
[Source "ChessBase"]
[SourceDate "2016.02.25"]
[SourceVersion "1"]
[SourceVersionDate "2016.02.25"]
[SourceQuality "1"]
[WhiteTeam "Marcali"]
[BlackTeam "Kaposvar Bastya"]
[WhiteTeamCountry "HUN"]
[BlackTeamCountry "HUN"]

1. e4 d6 2. d4 Nf6 3. Nc3 g6 4. Bc4 Bg7 5. f3 Nc6 6. Be3 Bd7 7. Qd2 e5 8. Nge2 exd4 9. Nxd4 0-0 10. a3 Re8 11. 0-0 1/2-1/2

[Event "HUN-chT2 Asztalos 1314"]
[Site "Hungary"]
[Date "2013.10.20"]
[Round "3"]
[White "Garai, Tamas"]
[Black "Jeszenszky, Jozsef"]
[Result "1/2-1/2"]
[WhiteElo "1928"]
[BlackElo "1969"]
[PlyCount "83"]
[EventDate "2013.09.08"]
[EventType "team-tourn"]
[EventRounds "9"]
[EventCountry "HUN"]
[SourceTitle "EXT 2016"]
[Source "ChessBase"]
[SourceDate "2015.10.08"]
[SourceVersion "1"]
[SourceVersionDate "2015.10.08"]
[SourceQuality "1"]
[WhiteTeam "Marcali"]
[BlackTeam "Szentlorinc"]
[WhiteTeamCountry "HUN"]
[BlackTeamCountry "HUN"]

1. e4 e6 2. d4 d5 3. exd5 exd5 4. Nf3 Bd6 5. h3 Nc6 6. Nc3 Nge7 7. a3 Bf5 8. Bd3 Qd7 9. Be3 f6 10. Nb5 0-0-0 11. Nxd6+ Qxd6 12. Be2 g5 13. Qd2 h5 14. 0-0-0 Ng6 15. Ne1 Bd7 16. Nd3 Nh4 17. Rhg1 Nf5 18. Nc5 Rde8 19. Nxd7 Qxd7 20. Bb5 Re6 21. Qc3 Nxe3 22. fxe3 Qe7 23. Bxc6 Rxc6 24. Qd3 Re6 25. Rde1 Re8 26. Kd2 Re4 27. Rgf1 Qe6 28. Qe2 f5 29. Qf2 Rf8 30. Qg3 Qf6 31. c3 h4 32. Qf3 Kb8 33. g3 f4 34. exf4 Rxe1 35. Rxe1 hxg3 36. Qxg3 Qxf4+ 37. Qxf4 gxf4 38. Rf1 Kc8 39. Ke2 Kd7 40. Kf3 Rh8 41. Rh1 Rh4 42. Kg2 1/2-1/2

[Event "HUN-chT2 Asztalos 0708"]
[Site "Hungary"]
[Date "2008.03.30"]
[Round "9"]
[White "Garai, Tamas"]
[Black "Papp, Judit"]
[Result "0-1"]
[WhiteElo "1899"]
[BlackElo "2178"]
[PlyCount "80"]
[EventDate "2007.10.14"]
[EventType "team"]
[EventRounds "11"]
[EventCountry "HUN"]
[SourceTitle "EXT 2009"]
[Source "ChessBase"]
[SourceDate "2008.11.26"]
[SourceVersion "1"]
[SourceVersionDate "2008.11.26"]
[SourceQuality "1"]
[WhiteTeam "Balatonbereny"]
[BlackTeam "Paks ASE"]
[WhiteTeamCountry "HUN"]
[BlackTeamCountry "HUN"]

1. e4 c5 2. Nf3 e6 3. d4 cxd4 4. Nxd4 a6 5. Be3 Nf6 6. Bd3 Qc7 7. 0-0 Be7 8. c3 0-0 9. f3 b5 10. Nd2 Bb7 11. Rc1 d5 12. Qe1 Nbd7 13. Qf2 Nc5 14. Bb1 dxe4 15. Qe2 exf3 16. N2xf3 Bd6 17. h3 Nce4 18. Qd1 Ng3 19. Re1 e5 20. Nf5 Nxf5 21. Bxf5 Rad8 22. Qe2 e4 23. Nd4 g6 24. Bg5 Bh2+ 25. Kh1 Nh5 26. Bh4 Rde8 27. Qg4 e3 28. Bd3 Bg3 29. Bxg3 Nxg3+ 30. Kg1 Qe5 31. Nf3 Bxf3 32. Qxf3 f5 33. c4 f4 34. cxb5 axb5 35. Rc3 Ne4 36. Rc2 Ng5 37. Qg4 f3 38. Rec1 Rf4 39. Rc5 Rxg4 40. Rxe5 Rxg2+ 0-1